Normal view
MARC view
Entry Personal Name
001 - CONTROL NUMBER
- control field: 5311
003 - CONTROL NUMBER IDENTIFIER
- control field: BD-RjUL
005 - DATE AND TIME OF LATEST TRANSACTION
- control field: 20221018125451.0
008 - FIXED-LENGTH DATA ELEMENTS
- fixed length control field: 221018|| aca||aabn | a|a d
040 ## - CATALOGING SOURCE
- Original cataloging agency: BD-RjUL
- Transcribing agency: BD-RjUL
100 ## - HEADING--PERSONAL NAME
- Personal name: Tabari, Abu Jaafar Muhammad bin Jarir # # طبري، أبو جعفر
670 ## - SOURCE DATA FOUND
- Source citation: Work cat.: (BD-RjUL)80559: Tabari, Abu Jaafar Muhammad bin Jarir # # طبري، أبو جعفر, تاريخ الطبري # # Tārīkh al-Ṭabarī. al-juz' al-awwal / , 1941